Cholesterinarm kochen und geniessen Rezepte für ganze Familie

Bibliographic Details
Main Author: Unsorg, Rolf (Author)
Format: Book
Language:German
PhysicalDescription:168 s. fotogr. 27 cm
Published: München Falken/Mosaik 2002
ISBN:3809412120
Subjects:

MARC

LEADER 00000nam a2200000 a 4500
001 vtls008992333
003 SK-MaSNL
005 20260301023158.0
008 240318s2002 gw o f 001 0 ger
020 |a 3809412120  |q (viaz.) 
035 |a 3FA0F75D-6F46-48AB-9C41-09820B3A108F 
035 |a urn:nbn:sk:snk-amycqv 
035 |a urn:nbn:sk:snk-am00ci2v 
040 |a SNK  |b slo  |c SNK  |e AACR2 
041 0 |a ger 
044 |a gw  |c DE 
072 7 |a 641  |x Kuchárstvo. Potraviny. Varené jedlá  |2 konspekt 
080 |a 641.55  |2 2001 
080 |a 612.397  |2 2001 
080 |a 613.2  |2 2001 
080 |a (083.12)  |2 2001 
080 |a (035)  |2 2001 
100 1 |a Unsorg, Rolf  |4 aut  |9 315102 
245 1 0 |a Cholesterinarm kochen und geniessen  |b Rezepte für ganze Familie  |c Rolf Unsorg 
260 |a München  |b Falken/Mosaik  |c 2002  |e Martin  |f Neografia 
300 |a 168 s.  |b fotogr.  |c 27 cm 
500 |a Spoluvydav. Random House 
650 0 7 |a jedlá  |2 SNKPH 
650 0 7 |a cholesterol  |2 SNKPH  |9 18377 
650 0 7 |a zdravá výživa  |2 SNKPH  |9 66259 
650 0 7 |a Meals  |2 SNKPHeng  |9 311382 
650 0 7 |a Healthy eating  |2 SNKPHeng  |9 267865 
655 7 |a kuchárske recepty  |2 SNKPH  |9 70493 
655 7 |a príručky  |2 SNKPH  |9 74364 
655 7 |a Handbooks, manuals, etc.  |2 SNKPHeng  |9 90964 
655 7 |a Cookbooks  |2 SNKPHeng  |9 270340 
919 |a 3-8094-1212-0 
958 |a OND 
999 |c 568680  |d 570610 
952 |a SNK  |b SNK  |y PREZ  |7 0  |p 17A0551619  |o snkSB 74418  |i snk2007/13445  |8 1  |0 0  |1 0  |4 0  |d 2007-05-24  |f 1  |l 0  |r 2025-04-25 00:00:00  |w 2026-02-23